I am from Austria - Text - Statistiken

Allgemein
  • Dieses Quiz wurde 372 mal gespielt
  • Das Durchschnittsergebnis liegt bei 171 aus 264
Antwortstatistiken
Textquiz % Korrekt
a
98%
auch
98%
Auch
98%
I
98%
i
98%
an
90%
Austria
89%
from
89%
am
87%
Da
83%
da
83%
di
82%
und
81%
Und
81%
du
76%
hin
76%
ma
76%
der
74%
was
74%
Dei
73%
dei
73%
dein
73%
die
73%
Die
73%
is
73%
ist
73%
Seel
72%
bin
71%
hell
71%
Vom
71%
von
71%
her
70%
mein
70%
Wie
69%
wie
69%
das
68%
lang
67%
vor
67%
Zeit
67%
dir
65%
So
65%
so
65%
wenn
65%
will
65%
kann
64%
g'hör
63%
machen
63%
den
62%
im
62%
schon
61%
über
61%
Apfel
60%
meiner
60%
Stamm
60%
April
59%
Eis
59%
Gletscher
59%
vorüber
59%
wer
59%
Wer
59%
hohe
58%
mir
58%
Sag
58%
zu
57%
Glanz
56%
hinter
56%
Hut
56%
schmilzt
56%
Wasser
56%
hast
55%
kenn
55%
Kind
55%
Leut
55%
alla
54%
no
54%
noch
54%
Ruhm
54%
wenig
54%
Licht
53%
rinnt
53%
Tränen
53%
bei
52%
ganz
52%
Schatten
51%
steh
51%
talwärts
51%
vergessen
51%
Außer
50%
Ratten
50%
ziagt
50%
Welt
49%
Dummheit
48%
haben
48%
Himmel
48%
Heut
47%
ihr
47%
zum
47%
haben
46%
Jederzeit
45%
Stolz
45%
auf
44%
Blut
44%
Unwiderstehlich
44%
wir's
44%
der
42%
einmal
41%
Fast
41%
voll
41%
Wird
41%
schnell
40%
Es
39%
schreit
39%
wollt's
39%
Höll
32%
nur
31%
beneiden
30%
Störche
30%
manchmal
29%
viel
29%
oft
27%
tuat
27%
weh
27%
End
26%
fort
26%
seh
26%
verstehen
26%
Weiten
26%
weiter
26%
flieg
25%
war'n
21%
meist
12%
Keine übereinstimmenden Quizze gefunden
Verteilung der Resultate
Anzahl Personen mit jedem Resultat
Perzentil nach korrekt beantworteten Fragen
Ihre Resultats-Entwicklung
Sie haben dieses Quiz noch nicht gespielt